000 01476nam a2200469 i 4500
001 44857
003 KOSZ 005
005 20210827083838.0
008 031107s2003 pl a f |000 0 pol
015 _aUWD 2003/20491
020 _a8372444331
035 _a991021850009705066
035 _a(PL-WaBN)b15902183-48omnis_nlop
035 _ab15902183
035 _a(OCoLC)749215443
035 _azz2003873117
035 _a(PL)b0000001590218
035 _a(EXLNZ-48OMNIS_NETWORK)9910165695905606
040 _aWA N
_cWA N
_dKOSZ 005/HR
041 0 _apol
080 _a741/744
080 _a712
080 _a](075.8)
245 0 0 _aRysunek odręczny dla architektów krajobrazu.
250 _aWyd. 3 popr. i uzup. /
_b[aut. Janusz Ducki et al.]
260 _aWarszawa :
_bWydaw. SGGW [Szkoły Głównej Gospodarstwa Wiejskiego],
_c2003.
300 _a213 s. :
_bil. ;
_c24 cm.
336 _aTekst
_btxt
_2rdacontent
337 _aBez urządzenia pośredniczącego
_bn
_2rdamedia
338 _aWolumin
_bnc
_2rdacarrier
380 _aKsiążki
380 _aRysunki
388 _a2001-
655 7 _aArchitektura krajobrazu
_2DBN
655 7 _aRysunki
655 7 _aPodręczniki akademickie
658 _aArchitektura i budownictwo
700 1 _aDucki, Janusz
_eAutor
856 _uhttp://koha.tu.koszalin.pl/cgi-bin/koha/opac-detail.pl?biblionumber=44857
_yKatalog online BPK
942 _2UKD
_cKS
999 _c44857
_d44857